000 00361nam a2200145Ia 4500
008 230917s9999||||xx |||||||||||||| ||und||
040 _e159951
_aMAIN
041 _aEnglish
082 _a338.4791 C399R
100 _aChawla, Romila, ed.
245 0 _aResponsible tourism
260 _aNew Delhi
_bSonali Publications
_c2005
300 _a253 p.
942 _cBK
999 _c130109
_d130109